[Event "TCh-CHN 2015"]
[Site "China CHN"]
[Date "2015.04.12"]
[Round "3.1"]
[Board "1"]
[White "Lysyj, Igor"]
[Black "Ma, Zhonghan"]
[Result "0-1"]
[WhiteTitle "GM"]
[BlackTitle "IM"]
[WhiteElo "2691"]
[BlackElo "2468"]
[WhiteTeam "Hangzhou"]
[BlackTeam "Qingdao"]
[WhiteFideId "4150120"]
[BlackFideId "8607206"]
[EventDate "2015.04.10"]

1. Nf3 Nf6 2. g3 d5 3. Bg2 c5 4. O-O Nc6 5. d4 e6 6. c4 dxc4 7. dxc5 Qxd1 8.
Rxd1 Bxc5 9. Nbd2 c3 10. bxc3 O-O 11. Nb3 Be7 12. Bg5 h6 13. Bxf6 Bxf6 14. Nfd4
Nxd4 15. cxd4 Rb8 16. Rac1 b6 17. e4 e5 18. dxe5 Bxe5 19. Rc2 g5 20. Rd5 Re8 21.
Rdd2 Be6 22. Bf1 Red8 23. Ba6 Kf8 24. f3 Ke7 25. Kf2 Rxd2+ 26. Rxd2 b5 27. Rc2
Rb6 28. Bc8 Bxb3 29. axb3 a5 30. f4 gxf4 31. gxf4 Bxf4 32. Ra2 Rb8 33. Bg4 Ra8
34. Be2 a4 0-1

[Event "TCh-CHN 2015"]
[Site "China CHN"]
[Date "2015.04.12"]
[Round "3.1"]
[Board "2"]
[White "Bai, Jinshi"]
[Black "Inarkiev, Ernesto"]
[Result "0-1"]
[WhiteTitle "IM"]
[BlackTitle "GM"]
[WhiteElo "2518"]
[BlackElo "2706"]
[WhiteTeam "Hangzhou"]
[BlackTeam "Qingdao"]
[WhiteFideId "8602280"]
[BlackFideId "4162722"]
[EventDate "2015.04.10"]

1. d4 Nf6 2. c4 e6 3. g3 d5 4. Nf3 Bb4+ 5. Bd2 Be7 6. Bg2 O-O 7. O-O c6 8. Qc2
Nbd7 9. Rd1 b6 10. b3 Bb7 11. Bc3 Rc8 12. Nbd2 Qc7 13. e4 c5 14. exd5 exd5 15.
Re1 Rfe8 16. Qf5 g6 17. Qh3 Ne4 18. Bb2 Ndf6 19. Nxe4 Nxe4 20. Ne5 f5 21. cxd5
Bxd5 22. Bxe4 fxe4 23. Ng4 Bg5 24. dxc5 Qxc5 25. Nf6+ Kf8 26. Rac1 Bxc1 27. Nd7+
Kg8 28. Nxc5 Bxb2 29. Na4 Bd4 30. Qd7 Red8 31. Qe7 Rf8 32. Rf1 Bxf2+ 33. Rxf2
Rc1+ 34. Kg2 e3+ 35. Rf3 Bxf3+ 36. Kh3 Bc6 37. Qxe3 Rc2 38. Qd3 Rff2 39. Kg4
Rcd2 40. Qc4+ Bd5 41. Qc8+ Kg7 42. Qc3+ Kg8 43. Qe3 Rde2 44. Qd3 Re4+ 45. Kh3
Be6+ 46. g4 Bxg4+ 47. Kh4 Rxh2+ 48. Kg5 Rh5+ 0-1

[Event "TCh-CHN 2015"]
[Site "China CHN"]
[Date "2015.04.12"]
[Round "3.1"]
[Board "3"]
[White "Gao, Rui"]
[Black "Mu, Ke"]
[Result "1-0"]
[WhiteTitle "GM"]
[WhiteElo "2533"]
[BlackElo "2392"]
[WhiteTeam "Hangzhou"]
[BlackTeam "Qingdao"]
[WhiteFideId "8602387"]
[BlackFideId "8602778"]
[EventDate "2015.04.10"]

1. e4 e6 2. d4 d5 3. Nc3 Bb4 4. Qd3 Nc6 5. e5 a5 6. a3 Bf8 7. Nf3 b6 8. Be2 Ba6
9. Qd1 Nge7 10. O-O Nf5 11. Bxa6 Rxa6 12. Qd3 Ra8 13. Ne2 a4 14. c4 Na5 15. cxd5
Qxd5 16. Nc3 Qc4 17. Qe4 Rd8 18. Be3 Nb3 19. Rad1 Be7 20. Qd3 Qxd3 21. Rxd3 c5
22. Nxa4 cxd4 23. Rxb3 dxe3 24. fxe3 O-O 25. Rc1 g5 26. g4 Nh4 27. Nd4 Rc8 28.
Rxc8 Rxc8 29. Nxb6 Rc1+ 30. Kf2 f6 31. Nd7 fxe5 32. Nxe5 Bd6 33. Nef3 e5 34. Ne2
Rc2 35. Nxg5 e4 36. Nxe4 Bxh2 37. Nc3 Be5 38. a4 Kg7 39. a5 Bxc3 40. Rxc3 Rxb2
41. Ra3 1-0

[Event "TCh-CHN 2015"]
[Site "China CHN"]
[Date "2015.04.12"]
[Round "3.1"]
[Board "5"]
[White "Zhou, Guijue"]
[Black "Gu, Tianlu"]
[Result "0-1"]
[WhiteTitle "WIM"]
[BlackTitle "WIM"]
[WhiteElo "2175"]
[BlackElo "2182"]
[WhiteTeam "Qingdao"]
[BlackTeam "Hangzhou"]
[WhiteFideId "8602905"]
[BlackFideId "8603995"]
[EventDate "2015.04.10"]

1. e4 e5 2. Nf3 Nc6 3. Bc4 Nf6 4. d3 Be7 5. h3 O-O 6. Nc3 d6 7. a4 Kh8 8. O-O
Ng8 9. Nd5 f5 10. Nxe7 Qxe7 11. Bg5 Qe8 12. exf5 Rxf5 13. Be3 Nge7 14. c3 d5 15.
Bb3 Rh5 16. Nh2 Qg6 17. Ng4 Be6 18. d4 e4 19. Bc2 Nf5 20. Bf4 Rh4 21. f3 h5 22.
fxe4 dxe4 23. Nh2 Bd5 24. Qe2 Re8 25. Bxc7 Rc8 26. Bf4 Ncxd4 27. Qd2 Nxc2 28.
Qxc2 Rxh3 29. Rad1 Rd3 30. Rd2 Nh4 31. Rdf2 e3 32. Re2 Be4 33. Rd1 Rxd1+ 34.
Qxd1 Nxg2 0-1

[Event "TCh-CHN 2015"]
[Site "China CHN"]
[Date "2015.04.12"]
[Round "3.2"]
[Board "1"]
[White "Zhao, Jun"]
[Black "Matlakov, Maxim"]
[Result "1/2-1/2"]
[WhiteTitle "GM"]
[BlackTitle "GM"]
[WhiteElo "2621"]
[BlackElo "2693"]
[WhiteTeam "Shandong"]
[BlackTeam "Zhejiang"]
[WhiteFideId "8602522"]
[BlackFideId "4168003"]
[EventDate "2015.04.10"]

1. e4 e5 2. Nf3 Nc6 3. Bb5 a6 4. Ba4 Nf6 5. O-O Be7 6. d3 d6 7. c3 O-O 8. Re1
Re8 9. Nbd2 Bf8 10. Nf1 h6 11. Ng3 b5 12. Bc2 d5 13. exd5 Nxd5 14. Bd2 Bb7 15.
a4 Qd7 16. axb5 axb5 17. Rxa8 Bxa8 18. Bb1 Nf6 19. Qb3 Na5 20. Qc2 Bxf3 21. gxf3
Nc6 22. Kh1 Bd6 23. Rg1 Kf8 24. d4 Ne7 25. Ne4 Qh3 26. Rg3 Qf1+ 27. Rg1 Qh3 28.
Rg3 Qf1+ 29. Rg1 Qh3 30. Rg3 Qf1+ 1/2-1/2

[Event "TCh-CHN 2015"]
[Site "China CHN"]
[Date "2015.04.12"]
[Round "3.2"]
[Board "2"]
[White "Liu, Qingnan"]
[Black "Lu, Shanglei"]
[Result "1/2-1/2"]
[WhiteTitle "IM"]
[BlackTitle "GM"]
[WhiteElo "2510"]
[BlackElo "2570"]
[WhiteTeam "Shandong"]
[BlackTeam "Zhejiang"]
[WhiteFideId "8603294"]
[BlackFideId "8603332"]
[EventDate "2015.04.10"]

1. e4 c5 2. Nf3 d6 3. d4 Nf6 4. Nc3 cxd4 5. Nxd4 g6 6. Be3 Bg7 7. f3 Nc6 8. Qd2
O-O 9. O-O-O d5 10. exd5 Nxd5 11. Nxc6 bxc6 12. Bd4 Bxd4 13. Qxd4 Qb6 14. Na4
Qc7 15. Nc5 Rd8 16. g4 Rd6 17. Ne4 Rd7 18. Nc5 Rd6 19. Bc4 Nb6 20. Qe4 Nxc4 21.
Qxc4 Be6 22. Nxe6 Rxe6 23. f4 Rd8 24. Rxd8+ Qxd8 25. Rd1 Rd6 26. Rxd6 Qxd6 27.
a4 e5 28. fxe5 Qxe5 29. b3 Qxh2 30. Qxc6 Qf4+ 31. Kb2 Qd4+ 32. c3 Qxg4 33. Qa8+
Kg7 34. Qxa7 h5 35. a5 h4 36. Qb7 h3 37. a6 Qg2+ 38. Ka3 g5 39. b4 g4 40. b5 g3
41. Qd7 h2 42. Qg4+ Kf6 43. Qf4+ Ke6 44. Qc4+ Ke5 45. Qc7+ Kf6 46. Qf4+ Ke6 47.
Qc4+ 1/2-1/2

[Event "TCh-CHN 2015"]
[Site "China CHN"]
[Date "2015.04.12"]
[Round "3.2"]
[Board "3"]
[White "Wen, Yang"]
[Black "Xu, Minghui"]
[Result "1-0"]
[WhiteTitle "GM"]
[WhiteElo "2573"]
[BlackElo "2229"]
[WhiteTeam "Shandong"]
[BlackTeam "Zhejiang"]
[WhiteFideId "8602956"]
[BlackFideId "8606790"]
[EventDate "2015.04.10"]

1. c4 g6 2. g3 c6 3. Nf3 Nf6 4. Bg2 d5 5. b3 Bg7 6. Bb2 Bg4 7. O-O O-O 8. d4
Bxf3 9. Bxf3 Nbd7 10. e3 Re8 11. Nc3 e6 12. Bg2 Qe7 13. a4 a5 14. Qc2 Rac8 15.
Ba3 Qd8 16. Rfd1 Bf8 17. Bb2 Bg7 18. Ne2 Nb8 19. Nf4 Na6 20. Bc3 Bf8 21. Nd3 Qc7
22. Qe2 Red8 23. Rab1 Be7 24. Qe1 Ne4 25. Bxa5 b6 26. Bc3 Nxc3 27. Qxc3 c5 28.
cxd5 exd5 29. dxc5 bxc5 30. Nf4 d4 31. exd4 cxd4 32. Qxc7 Nxc7 33. b4 Rb8 34. b5
Bc5 35. Nd3 Bd6 36. Bc6 Rdc8 37. Nb4 Bc5 38. Bd7 Rf8 39. Nc6 Rb6 1-0

[Event "TCh-CHN 2015"]
[Site "China CHN"]
[Date "2015.04.12"]
[Round "3.2"]
[Board "4"]
[White "Qiu, Mengjie"]
[Black "Xiao, Yiyi"]
[Result "0-1"]
[WhiteTitle "WFM"]
[BlackTitle "WFM"]
[WhiteElo "2122"]
[BlackElo "2218"]
[WhiteTeam "Zhejiang"]
[BlackTeam "Shandong"]
[WhiteFideId "8606137"]
[BlackFideId "8606161"]
[EventDate "2015.04.10"]

1. e4 c5 2. Nf3 e6 3. d4 cxd4 4. Nxd4 Nc6 5. Nc3 Qc7 6. Be3 a6 7. Qf3 Nf6 8.
O-O-O Be7 9. h3 d6 10. g4 O-O 11. Qg2 Nxd4 12. Bxd4 b5 13. Bd3 b4 14. g5 Nd7 15.
Ne2 e5 16. Be3 Nc5 17. Bc4 Bb7 18. Bd5 b3 19. axb3 Bxd5 20. Rxd5 Nxb3+ 21. Kb1
Na5 22. Nc3 Rab8 23. Kc1 Nc4 24. Nd1 Rfc8 25. f3 Qb7 26. b3 Qxb3 27. cxb3 Nxe3+
28. Kb2 Nxg2 29. h4 Nf4 30. Rd2 d5 0-1

[Event "TCh-CHN 2015"]
[Site "China CHN"]
[Date "2015.04.12"]
[Round "3.2"]
[Board "5"]
[White "Ding, Yixin"]
[Black "Xu, Huahua"]
[Result "1-0"]
[WhiteTitle "WGM"]
[BlackTitle "WIM"]
[WhiteElo "2434"]
[BlackElo "2105"]
[WhiteTeam "Zhejiang"]
[BlackTeam "Shandong"]
[WhiteFideId "8602972"]
[BlackFideId "8604096"]
[EventDate "2015.04.10"]

1. Nf3 c5 2. c4 Nf6 3. g3 g6 4. b3 Bg7 5. Bb2 Nc6 6. Bg2 O-O 7. O-O d6 8. d4
cxd4 9. Nxd4 Bd7 10. Nc3 Nxd4 11. Qxd4 Bc6 12. Nd5 Ne8 13. Qd2 e6 14. Bxg7 Nxg7
15. Ne3 Bxg2 16. Kxg2 Qb6 17. Rfd1 Rad8 18. Qb2 f5 19. Rd4 Nh5 20. Rad1 f4 21.
Ng4 e5 22. Rd5 fxg3 23. hxg3 Ng7 24. c5 Qc6 25. Nh6+ Kh8 26. f3 e4 27. f4 e3 28.
Kh2 Rc8 29. cxd6 Qc2 30. Qxc2 Rxc2 31. d7 Rxe2+ 32. Kh3 Ne6 33. d8=Q Nxd8 34.
Rxd8 Rxd8 35. Rxd8+ Kg7 36. Ng4 h5 37. Rd7+ Kg8 38. Ne5 Rxa2 39. Re7 e2 40. Nxg6
Rb2 41. Kh4 Rxb3 42. Kg5 1-0

[Event "TCh-CHN 2015"]
[Site "China CHN"]
[Date "2015.04.12"]
[Round "3.3"]
[Board "3"]
[White "Zhou, Jianchao"]
[Black "Yu, Ruiyuan"]
[Result "1-0"]
[WhiteTitle "GM"]
[BlackTitle "GM"]
[WhiteElo "2578"]
[BlackElo "2571"]
[WhiteTeam "Shanghai"]
[BlackTeam "Jiangsu"]
[WhiteFideId "8603537"]
[BlackFideId "8603090"]
[EventDate "2015.04.10"]

1. c4 c6 2. d4 d5 3. Nc3 Nf6 4. e3 g6 5. Nf3 Bg7 6. Bd3 O-O 7. O-O Bg4 8. h3
Bxf3 9. Qxf3 dxc4 10. Bxc4 Nbd7 11. Rd1 e5 12. d5 e4 13. Nxe4 Nxe4 14. Qxe4 Nb6
15. a4 Re8 16. Qc2 Qh4 17. Bb3 Nxd5 18. Bd2 Nb4 19. Qc4 Qxc4 20. Bxc4 Re4 21.
Rac1 a5 22. Bxb4 axb4 23. b3 Kf8 24. Rd7 Re7 25. Rcd1 Ke8 26. R7d3 Be5 27. g4 h6
28. Kg2 Bc7 29. h4 Rd8 30. Rxd8+ Bxd8 31. g5 h5 32. Kf3 Bc7 33. Rd4 Be5 34. Rd3
Bc7 1-0

[Event "TCh-CHN 2015"]
[Site "China CHN"]
[Date "2015.04.12"]
[Round "3.3"]
[Board "4"]
[White "Guo, Qi"]
[Black "Zhang, Xiaowen"]
[Result "1/2-1/2"]
[WhiteTitle "IM"]
[BlackTitle "WGM"]
[WhiteElo "2443"]
[BlackElo "2349"]
[WhiteTeam "Jiangsu"]
[BlackTeam "Shanghai"]
[WhiteFideId "8604002"]
[BlackFideId "8603219"]
[EventDate "2015.04.10"]

1. d4 Nf6 2. Nf3 e6 3. c4 d5 4. Nc3 c5 5. cxd5 cxd4 6. Qxd4 exd5 7. e4 Nc6 8.
Bb5 dxe4 9. Qxd8+ Kxd8 10. Ng5 Be6 11. Bxc6 bxc6 12. Nxe6+ fxe6 13. Bg5 Bb4 14.
O-O-O+ Kc7 15. Bxf6 gxf6 16. Nxe4 Rhg8 17. g3 f5 18. Nd2 Bxd2+ 19. Rxd2 Rad8 20.
Re2 Rd6 21. Rhe1 Kd7 22. Re5 Rb8 23. R1e3 Rb5 24. Rxb5 cxb5 25. Kc2 a6 26. Rd3
Kc6 27. Rxd6+ Kxd6 28. Kd3 e5 29. f3 h5 30. h3 Ke6 31. Ke3 Kf6 32. g4 hxg4 33.
hxg4 1/2-1/2

[Event "TCh-CHN 2015"]
[Site "China CHN"]
[Date "2015.04.12"]
[Round "3.4"]
[Board "1"]
[White "Xiu, Deshun"]
[Black "Zeng, Chongsheng"]
[Result "1-0"]
[WhiteTitle "GM"]
[BlackTitle "GM"]
[WhiteElo "2557"]
[BlackElo "2541"]
[WhiteTeam "Beijing"]
[BlackTeam "Guangdong"]
[WhiteFideId "8603693"]
[BlackFideId "8603847"]
[EventDate "2015.04.10"]

1. Nf3 Nf6 2. c4 b6 3. g3 c5 4. Bg2 Bb7 5. O-O g6 6. Nc3 Bg7 7. d4 cxd4 8. Qxd4
d6 9. b3 Nbd7 10. Bb2 O-O 11. Rac1 Rc8 12. Rfd1 a6 13. Nd5 b5 14. Bh3 Rc5 15.
Qh4 bxc4 16. bxc4 Nxd5 17. Bxg7 Kxg7 18. cxd5 Rxc1 19. Rxc1 Nf6 20. e4 Qa5 21.
Rc2 Qb4 22. Rc7 Qb1+ 23. Kg2 a5 24. Rxe7 Ba6 25. Nd2 Qxa2 26. Qf4 Bd3 27. Rc7
Qa4 28. f3 Qd4 29. Qxd6 Qe3 30. Qf4 Qe2+ 31. Kg1 Nh5 32. Qe5+ Nf6 33. Nf1 Qxf3
34. Bg2 1-0

[Event "TCh-CHN 2015"]
[Site "China CHN"]
[Date "2015.04.12"]
[Round "3.4"]
[Board "3"]
[White "Wang, Yiye"]
[Black "Xu, Yinglun"]
[Result "1/2-1/2"]
[WhiteTitle "IM"]
[WhiteElo "2433"]
[BlackElo "2443"]
[WhiteTeam "Beijing"]
[BlackTeam "Guangdong"]
[WhiteFideId "8606021"]
[BlackFideId "8604940"]
[EventDate "2015.04.10"]

1. e4 c5 2. Nf3 d6 3. Nc3 e6 4. d4 cxd4 5. Nxd4 a6 6. Be2 Nf6 7. O-O Be7 8. f4
Nc6 9. Be3 O-O 10. Kh1 Qc7 11. Qe1 Nxd4 12. Bxd4 b5 13. a3 Nd7 14. Qg3 Bf6 15.
Bxf6 Nxf6 16. Bd3 Bb7 17. Rae1 Nd7 18. f5 exf5 19. exf5 Nf6 20. Be4 Rad8 21.
Bxb7 Qxb7 22. Qf3 Qxf3 23. Rxf3 d5 24. Kg1 d4 25. Ne4 Nxe4 26. Rxe4 Rc8 27. Rf2
Rfd8 28. Rd2 h6 29. h3 Rd5 30. g4 Rdc5 31. Rexd4 Rxc2 32. Kg2 1/2-1/2

[Event "TCh-CHN 2015"]
[Site "China CHN"]
[Date "2015.04.12"]
[Round "3.4"]
[Board "5"]
[White "Liu, Manli CHN"]
[Black "Wang, Jue"]
[Result "0-1"]
[BlackTitle "WGM"]
[WhiteElo "2033"]
[BlackElo "2365"]
[WhiteTeam "Guangdong"]
[BlackTeam "Beijing"]
[WhiteFideId "8608121"]
[BlackFideId "8604070"]
[EventDate "2015.04.10"]

1. e4 c5 2. Nf3 e6 3. d4 cxd4 4. Nxd4 a6 5. Bd3 Bc5 6. Nb3 Be7 7. O-O d6 8. f4
Nd7 9. Be3 Ngf6 10. c4 b6 11. Nc3 Bb7 12. Qe2 Qc7 13. Rae1 Rd8 14. Bb1 O-O 15.
Bf2 g6 16. Bh4 Rfe8 17. e5 dxe5 18. fxe5 Nh5 19. Bxe7 Rxe7 20. Rf2 Nc5 21. Qf1
Ng7 22. Rf4 Nxb3 23. axb3 Nf5 24. Qf2 Red7 25. Ne4 Bxe4 26. Rfxe4 Rd2 27. R4e2
Rxe2 28. Qxe2 Qc5+ 29. Kh1 Nd4 30. Qe3 Nc6 31. Qf4 Rd4 32. Qf6 Nxe5 33. h3 Nd7
34. Qd8+ Kg7 35. Qa8 a5 36. Qf3 Nf6 37. Rf1 Qe5 0-1

[Event "TCh-CHN 2015"]
[Site "China CHN"]
[Date "2015.04.12"]
[Round "3.5"]
[Board "2"]
[White "Wang, Chen"]
[Black "Wang, Yue"]
[Result "1/2-1/2"]
[WhiteTitle "IM"]
[BlackTitle "GM"]
[WhiteElo "2500"]
[BlackElo "2726"]
[WhiteTeam "Chongqing"]
[BlackTeam "Tianjing"]
[WhiteFideId "8601020"]
[BlackFideId "8601429"]
[EventDate "2015.04.10"]

1. e4 c5 2. Nc3 Nc6 3. g3 g6 4. Bg2 Bg7 5. d3 d6 6. Nge2 Nf6 7. O-O O-O 8. h3
Ne8 9. a3 Nc7 10. Rb1 a5 11. Nd5 Nxd5 12. exd5 Nd4 13. a4 Bd7 14. b3 Qc8 15. Kh2
e5 16. f4 Re8 17. Rf2 Nxe2 18. Rxe2 h5 19. Qf1 Qc7 20. Qf3 b6 21. Bd2 exf4 22.
Rxe8+ Rxe8 23. Bxf4 Be5 24. Rf1 Bf5 25. g4 hxg4 26. hxg4 Bc8 27. Qg3 Kg7 28. Be4
Qe7 29. Kg2 Rh8 30. Bf3 Bxf4 31. Qxf4 Qf6 32. Qxf6+ Kxf6 33. Bd1+ Kg7 34. Re1
Bd7 35. Kg3 Re8 36. Rxe8 Bxe8 37. Kf4 Bd7 38. c4 f6 39. g5 Bh3 40. Be2 Kf7 41.
Kg3 Bf5 42. Kf4 Bd7 43. Bf1 Bc8 44. Be2 Kg7 1/2-1/2

[Event "TCh-CHN 2015"]
[Site "China CHN"]
[Date "2015.04.12"]
[Round "3.5"]
[Board "3"]
[White "Zhou, Weiqi"]
[Black "Ma, Qun"]
[Result "1/2-1/2"]
[WhiteTitle "GM"]
[BlackTitle "GM"]
[WhiteElo "2627"]
[BlackElo "2609"]
[WhiteTeam "Chongqing"]
[BlackTeam "Tianjing"]
[WhiteFideId "8601674"]
[BlackFideId "8603154"]
[EventDate "2015.04.10"]

1. Nf3 d5 2. c4 d4 3. g3 Nc6 4. Bg2 e5 5. O-O Nf6 6. d3 Bd6 7. e3 O-O 8. exd4
Nxd4 9. Nxd4 exd4 10. Bg5 h6 11. Bxf6 Qxf6 12. Nd2 c6 13. Re1 Bf5 14. Ne4 Qd8
15. Qb3 Rb8 16. Nxd6 Qxd6 17. Be4 Bg4 18. Rac1 Rfe8 19. Bg2 Qd7 20. Qa3 Rxe1+
21. Rxe1 Re8 22. Qa5 b6 23. Qd2 Bf5 24. Rxe8+ Qxe8 25. f4 c5 26. Kf2 Kf8 27. Bf3
Qe6 28. Qe2 Ke7 29. g4 Qxe2+ 30. Bxe2 Be6 31. h4 b5 32. f5 Bd7 33. cxb5 Bxb5 34.
Kf3 Kd6 35. Ke4 Ba4 36. g5 hxg5 37. hxg5 f6 38. gxf6 gxf6 39. Bh5 Bc6+ 40. Kf4
Bd5 41. a3 Bb3 42. Ke4 Bd5+ 43. Kf4 1/2-1/2

[Event "TCh-CHN 2015"]
[Site "China CHN"]
[Date "2015.04.12"]
[Round "3.5"]
[Board "4"]
[White "Ni, Shiqun"]
[Black "Tan, Zhongyi"]
[Result "1-0"]
[WhiteTitle "WIM"]
[BlackTitle "WGM"]
[WhiteElo "2315"]
[BlackElo "2487"]
[WhiteTeam "Tianjing"]
[BlackTeam "Chongqing"]
[WhiteFideId "8608466"]
[BlackFideId "8603642"]
[EventDate "2015.04.10"]

1. e4 g6 2. d4 Bg7 3. Nc3 d6 4. Nf3 a6 5. Be2 b5 6. O-O Bb7 7. a4 b4 8. Nd5 Bxd5
9. exd5 Nf6 10. Bc4 a5 11. Bg5 O-O 12. Re1 Nbd7 13. Bb5 Rb8 14. Bc6 Rb6 15. c3
h6 16. Bd2 Nb8 17. cxb4 Nxc6 18. dxc6 axb4 19. Qc1 Qa8 20. Bxh6 Rxc6 21. Qg5
Bxh6 22. Qxh6 Rc2 23. Rxe7 Re8 24. Rxe8+ Qxe8 25. b3 Qe6 26. Qe3 Nd5 27. Qxe6
fxe6 28. a5 Rb2 29. a6 Nb6 30. a7 Na8 31. Kf1 Rxb3 32. Ra5 c6 33. Ke2 Kf7 34.
Nd2 Rb2 35. Kd1 b3 36. Ra3 e5 37. dxe5 d5 38. Nxb3 Rxf2 39. Nc5 Rb2 40. Rf3+ Ke7
41. Rh3 Rb1+ 42. Kd2 Rb2+ 43. Kd3 Nb6 44. Rh7+ Kd8 45. Na4 1-0

[Event "TCh-CHN 2015"]
[Site "China CHN"]
[Date "2015.04.12"]
[Round "3.6"]
[Board "1"]
[White "Wang, Rui"]
[Black "Liu, Guanchu"]
[Result "0-1"]
[WhiteTitle "GM"]
[BlackTitle "IM"]
[WhiteElo "2403"]
[BlackElo "2379"]
[WhiteTeam "Heibei"]
[BlackTeam "Chengdu"]
[WhiteFideId "8601003"]
[BlackFideId "8603901"]
[EventDate "2015.04.10"]

1. d4 f5 2. g3 Nf6 3. Bg2 g6 4. Nh3 Bg7 5. Nf4 d6 6. d5 Na6 7. h4 Nc5 8. Nc3 Ng4
9. h5 g5 10. Nd3 h6 11. e3 O-O 12. Bd2 e5 13. dxe6 Bxe6 14. Qe2 c6 15. Nxc5 dxc5
16. f4 b5 17. Bxc6 b4 18. Nd1 Rc8 19. Bf3 Bd5 20. O-O Bxf3 21. Rxf3 Qe8 22. a3
Qe4 23. axb4 cxb4 24. c3 Rfd8 25. Be1 b3 26. Nf2 Nxf2 27. Rxf2 Rd3 28. Ra4 Qxe3
29. Qxe3 Rxe3 30. Bd2 Rxg3+ 31. Kh2 Rg4 32. Ra5 gxf4 33. Rb5 Rc4 34. Rxb3 Be5
35. Rb5 Re4 36. Rxe5 Rxe5 37. Bxf4 Re6 38. Bb8 a6 39. Ba7 Rg5 40. Bd4 Re4 41.
Kh3 Rxh5+ 42. Kg3 Rg4+ 43. Kf3 Rh3+ 44. Ke2 Re4+ 45. Kd2 f4 46. b4 Kf7 47. Rg2
Rg3 0-1

[Event "TCh-CHN 2015"]
[Site "China CHN"]
[Date "2015.04.12"]
[Round "3.6"]
[Board "2"]
[White "Zhang, Ziji"]
[Black "Li, Di"]
[Result "0-1"]
[BlackTitle "FM"]
[WhiteElo "2223"]
[BlackElo "2277"]
[WhiteTeam "Heibei"]
[BlackTeam "Chengdu"]
[WhiteFideId "8609470"]
[BlackFideId "8607508"]
[EventDate "2015.04.10"]

1. d4 Nf6 2. c4 g6 3. Nc3 d5 4. Bf4 Bg7 5. e3 O-O 6. Nf3 c5 7. dxc5 Ne4 8. Rc1
Nd7 9. cxd5 Qa5 10. Nd4 Nxc3 11. bxc3 Qxa2 12. Qb3 Qxb3 13. Nxb3 a5 14. c6 Nb6
15. d6 bxc6 16. dxe7 Re8 17. Bd6 Bf6 18. Nd4 Bd7 19. Kd2 Nc8 20. Ba3 Bxe7 21.
Ra1 Bxa3 22. Rxa3 Nd6 23. f3 a4 24. Be2 c5 25. Nc2 Bb5 26. Raa1 Red8 27. c4
Nxc4+ 28. Kc3 Nd6 29. Rhe1 Bxe2 30. Rxe2 Rdb8 31. e4 Rb3+ 32. Kd2 Nc4+ 33. Kc1
Rd8 34. e5 a3 35. e6 fxe6 36. Rxe6 a2 37. Re1 Rdb8 38. Kd1 Rb1+ 39. Ke2 Re8+ 0-1

[Event "TCh-CHN 2015"]
[Site "China CHN"]
[Date "2015.04.12"]
[Round "3.6"]
[Board "3"]
[White "Wan, Yunguo"]
[Black "Xu, Xiangyu CHN"]
[Result "1-0"]
[WhiteTitle "IM"]
[WhiteElo "2477"]
[BlackElo "2243"]
[WhiteTeam "Heibei"]
[BlackTeam "Chengdu"]
[WhiteFideId "8603189"]
[BlackFideId "8608288"]
[EventDate "2015.04.10"]

1. e4 c5 2. Nf3 d6 3. d4 cxd4 4. Nxd4 Nf6 5. Nc3 Nc6 6. Bg5 e6 7. Qd2 a6 8.
O-O-O Bd7 9. f4 h6 10. Bh4 b5 11. Bxf6 gxf6 12. Kb1 Qb6 13. Nf3 b4 14. Ne2 Na5
15. Ng3 h5 16. e5 Bc6 17. Qe2 h4 18. Ne4 Bxe4 19. Qxe4 d5 20. Qe1 f5 21. Nxh4
Be7 22. Nf3 Nc6 23. Qe2 Kd7 24. h4 Rhb8 25. h5 a5 26. h6 a4 27. b3 Ra5 28. h7
Rh8 29. bxa4 Bc5 30. Ng5 Rxa4 31. Qb5 Qa7 32. Rxd5+ exd5 33. Rh6 Ra6 34. Qxa6
Qxa6 35. Bxa6 Nd8 36. Bd3 Ke7 37. Bxf5 Bf2 38. Rd6 1-0

[Event "TCh-CHN 2015"]
[Site "China CHN"]
[Date "2015.04.12"]
[Round "3.6"]
[Board "4"]
[White "Ren, Xiaoyi"]
[Black "Zhai, Mo"]
[Result "0-1"]
[BlackTitle "WIM"]
[WhiteElo "2211"]
[BlackElo "2324"]
[WhiteTeam "Chengdu"]
[BlackTeam "Heibei"]
[WhiteFideId "8608709"]
[BlackFideId "8600201"]
[EventDate "2015.04.10"]

1. Nf3 Nf6 2. c4 e6 3. g3 d5 4. Bg2 Be7 5. O-O O-O 6. d4 dxc4 7. Qc2 a6 8. a4
Bd7 9. Qxc4 Bc6 10. Bf4 Nbd7 11. Nc3 Nb6 12. Qd3 Nbd5 13. Be5 Nxc3 14. bxc3 Be4
15. Qe3 Bd5 16. Rab1 b6 17. Rfd1 Qc8 18. Bxf6 Bxf6 19. Ne5 Bxg2 20. Kxg2 Bxe5
21. Qxe5 Qd7 22. e4 f6 23. Qf4 f5 24. Re1 fxe4 25. Qxe4 Qxa4 26. Qxe6+ Kh8 27.
Qe4 Rae8 28. Qd3 Qa2 29. Qf3 Kg8 30. Rxe8 Rxe8 31. Rd1 Qc4 32. d5 Qc5 33. Rd4 a5
34. h4 b5 35. h5 h6 36. Qd3 Rf8 37. f3 Rd8 38. g4 a4 39. Re4 a3 40. Qe2 Rf8 41.
Re8 Qxd5 42. Re5 Qa8 43. Qa2+ Kh8 44. Re4 c5 45. Re3 Qa4 46. Re4 Qd1 47. Qf2 a2 0-1

[Event "TCh-CHN 2015"]
[Site "China CHN"]
[Date "2015.04.12"]
[Round "3.6"]
[Board "5"]
[White "Li, Yunshan"]
[Black "Wang, Doudou"]
[Result "1/2-1/2"]
[WhiteTitle "WFM"]
[BlackTitle "WIM"]
[WhiteElo "1916"]
[BlackElo "2205"]
[WhiteTeam "Chengdu"]
[BlackTeam "Heibei"]
[WhiteFideId "8607664"]
[BlackFideId "8603197"]
[EventDate "2015.04.10"]

1. d4 d5 2. c4 e6 3. Nf3 Nf6 4. g3 c5 5. cxd5 cxd4 6. dxe6 Bxe6 7. Qxd4 Nc6 8.
Qxd8+ Rxd8 9. a3 Bd5 10. Be3 Ng4 11. Nc3 Nxe3 12. fxe3 Be6 13. Bg2 Bc5 14. Kf2
O-O 15. b4 Bd6 16. Nb5 Bb8 17. Rhd1 Ne5 18. Nxe5 Bxe5 19. Rac1 a6 20. Nd4 Bc8
21. Nb3 b6 22. Nd4 Bd7 23. Nc6 Bxc6 24. Rxd8 Rxd8 25. Rxc6 Rb8 26. a4 Bf6 27.
Bd5 Bd8 28. e4 Kf8 29. Ke3 Ke7 30. Kd4 Kd7 31. Rc1 Be7 32. b5 axb5 33. axb5 Bc5+
34. Kd3 Ke7 35. Ra1 Rd8 36. g4 f6 37. Rf1 Kd6 38. Rf5 h6 39. h4 Re8 40. g5 hxg5
41. hxg5 Re5 42. gxf6 Rxf5 43. exf5 gxf6 44. e4 Ke5 1/2-1/2

[Event "TCh-CHN 2015"]
[Site "China CHN"]
[Date "2015.04.13"]
[Round "4.1"]
[Board "1"]
[White "Ma, Zhonghan"]
[Black "Li, Di"]
[Result "1-0"]
[WhiteTitle "IM"]
[BlackTitle "FM"]
[WhiteElo "2468"]
[BlackElo "2277"]
[WhiteTeam "Qingdao"]
[BlackTeam "Chengdu"]
[WhiteFideId "8607206"]
[BlackFideId "8607508"]
[EventDate "2015.04.10"]

1. d4 Nf6 2. c4 g6 3. f3 Nc6 4. e4 e5 5. dxe5 Nxe5 6. Be3 d6 7. Nc3 Bg7 8. Nge2
O-O 9. Nf4 Nfd7 10. Be2 Nc5 11. O-O Ne6 12. Qd2 Nxf4 13. Bxf4 Be6 14. b3 a6 15.
Rad1 f5 16. exf5 Rxf5 17. Be3 g5 18. Ne4 h6 19. f4 gxf4 20. Bxf4 Qh4 21. g3 Qe7
22. Bxh6 Raf8 23. Bxg7 Kxg7 24. Rxf5 Bxf5 25. Qg5+ Qxg5 26. Nxg5 Kh6 27. h4 Bg4
28. Bxg4 Nxg4 29. Re1 Ne5 30. Kg2 Kh5 31. Re2 a5 32. c5 Rf5 33. cxd6 cxd6 34.
Ne4 Nf7 35. Rd2 Kg4 36. Nf2+ 1-0